Administration and Management of Physical Education and Sports/ (Record no. 85164)

MARC details
000 -LEADER
fixed length control field 00681nam a22001937a 4500
005 - DATE AND TIME OF LATEST TRANSACTION
control field 20140617104855.0
010 ## - LCCN (DPL NO)
LC control number B-505320
020 ## - INTERNATIONAL STANDARD BOOK NUMBER
International Standard Book Number 9788172163297
Terms of availability 895.00
035 ## - SYSTEM CONTROL NUMBER
System control number B-505320
037 ## - SOURCE OF ACQUISITION
Stock number dpl
Source of stock number/acquisition K.K.Pub/Ven
082 ## - DEWEY DECIMAL CLASSIFICATION NUMBER
Classification number 796.069
100 ## - MAIN ENTRY--PERSONAL NAME
Personal name Reddy, Y.S.
245 ## - TITLE STATEMENT
Title Administration and Management of Physical Education and Sports/
Statement of responsibility, etc by Y.S.Reddy
260 ## - PUBLICATION, DISTRIBUTION, ETC. (IMPRINT)
Place of publication, distribution, etc New Delhi
Name of publisher, distributor, etc Friends Publications
Date of publication, distribution, etc 2011
270 ## - ADDRESS
Address 101-103, 4787/23, Ansari Road, Darya Ganj,
City New Delhi
Postal code 110002
300 ## - PHYSICAL DESCRIPTION
Extent 371p.
Dimensions 20cm(Hb)
942 ## - ADDED ENTRY ELEMENTS (KOHA)
Source of classification or shelving scheme Dewey Decimal Classification
Item type English Books
Classification part 796.069
Call number suffix RED
Holdings
Withdrawn status Lost status Not for loan Collection code Home library Current library Date acquired Source of acquisition Cost, normal purchase price Full call number Barcode Copy number Cost, replacement price Koha item type
      Non-fiction Central Library Central Library 17/06/2014 K.K.Pub/BL2982/11.03.2013/172/11.03.2013/20.03.2013 895.00 796.069 RED B-505320 1 895.00 English Books

© Delhi Public Library
Hit Counter
free hit counter